[Event "Bayern-ch 89th"]
[Site "Bad Kissingen"]
[Date "2018.08.28"]
[Round "3"]
[White "Bensch, Patrick"]
[Black "Schmidt, Olaf"]
[Result "0-1"]
[WhiteElo "2197"]
[BlackElo "2063"]
[PlyCount "74"]
[EventDate "2018.08.26"]
[EventType "swiss"]
[EventRounds "9"]
[EventCountry "GER"]
[SourceTitle "CBM 189 Extra"]
[Source "ChessBase"]
[SourceDate "2019.06.03"]
[SourceVersion "1"]
[SourceVersionDate "2019.06.03"]
[SourceQuality "1"]

1. e4 c6 2. d4 d5 3. e5 c5 4. c4 cxd4 5. Nf3 Bg4 6. cxd5 Qxd5 7. Nc3 Qa5 8. Bb5+ Nc6 9. Bxc6+ bxc6 10. Qxd4 Bxf3 11. gxf3 e6 12. Bd2 Qb6 13. Qc4 Bb4 14. Rg1 Ne7 15. 0-0-0 Ng6 16. Rg4 Nxe5 17. Be3 Nxc4 18. Bxb6 Nxb2 19. Kxb2 Bxc3+ 20. Kxc3 axb6 21. Rxg7 Ke7 22. Kb3 Ra5 23. Rd4 Rb5+ 24. Kc2 Kf6 25. Rgg4 h5 26. Rgf4+ Rf5 27. Rxf5+ Kxf5 28. Rd7 f6 29. Rc7 Ra8 30. Kb3 c5 31. a4 Rd8 32. Rc6 Rd3+ 33. Kb2 Rd4 34. Ka3 Rb4 35. a5 bxa5 36. Rxc5+ e5 37. Rxa5 Rf4 0-1

[Event "Regionalliga Sued-West 1718"]
[Site "Bayern"]
[Date "2018.02.25"]
[Round "7.2"]
[White "Schmidt, Olaf"]
[Black "Fischer, Manfred"]
[Result "1/2-1/2"]
[WhiteElo "2011"]
[BlackElo "2083"]
[PlyCount "29"]
[EventDate "2017.10.22"]
[EventType "team-tourn"]
[EventRounds "9"]
[EventCountry "GER"]
[SourceTitle "EXT 2022"]
[Source "ChessBase"]
[SourceDate "2021.10.06"]
[SourceVersion "1"]
[SourceVersionDate "2021.10.06"]
[SourceQuality "1"]
[WhiteTeam "Augsburg SK Rochade"]
[BlackTeam "Tuerkheim/Bad Woerishofen"]
[WhiteTeamCountry "GER"]
[BlackTeamCountry "GER"]

1. Nf3 Nf6 2. g3 c5 3. Bg2 Nc6 4. c4 e5 5. Nc3 g6 6. 0-0 Bg7 7. a3 d6 8. b4 0-0 9. bxc5 dxc5 10. Rb1 Rb8 11. d3 h6 12. h3 Be6 13. e4 Ne8 14. Be3 Nd4 15. Bxd4 1/2-1/2

[Event "Arber op 6th"]
[Site "Bodenmais"]
[Date "2017.08.02"]
[Round "5"]
[White "Schmidt, Olaf"]
[Black "Stinka, Jakub"]
[Result "0-1"]
[WhiteElo "2120"]
[BlackElo "1991"]
[PlyCount "46"]
[EventDate "2017.07.29"]
[EventType "swiss"]
[EventRounds "9"]
[EventCountry "GER"]
[SourceTitle "CBM 179 Extra"]
[Source "ChessBase"]
[SourceDate "2017.08.23"]
[SourceVersion "1"]
[SourceVersionDate "2017.08.23"]
[SourceQuality "1"]

1. d4 Nf6 2. Nf3 g6 3. g3 Bg7 4. Bg2 d6 5. 0-0 0-0 6. a4 a5 7. Re1 Nbd7 8. e4 e5 9. c3 Re8 10. Nbd2 b6 11. Bf1 Bb7 12. Bd3 d5 13. exd5 exd4 14. Rxe8+ Qxe8 15. Nxd4 Nxd5 16. Qe2 Ne5 17. Bb5 c6 18. f4 cxb5 19. fxe5 b4 20. Nc4 bxc3 21. Qe4 Rc8 22. b3 Qe7 23. e6 f5 0-1

[Event "Arber op 6th"]
[Site "Bodenmais"]
[Date "2017.07.30"]
[Round "2"]
[White "Wacker, Andreas"]
[Black "Schmidt, Olaf"]
[Result "0-1"]
[WhiteElo "1821"]
[BlackElo "2120"]
[PlyCount "70"]
[EventDate "2017.07.29"]
[EventType "swiss"]
[EventRounds "9"]
[EventCountry "GER"]
[SourceTitle "CBM 179 Extra"]
[Source "ChessBase"]
[SourceDate "2017.08.23"]
[SourceVersion "1"]
[SourceVersionDate "2017.08.23"]
[SourceQuality "1"]

1. e4 e5 2. Nf3 Nc6 3. Bc4 Bc5 4. 0-0 Nf6 5. Nc3 h6 6. d3 0-0 7. Be3 Bb6 8. d4 Nxe4 9. Nxe4 d5 10. Nc3 dxc4 11. d5 e4 12. Bxb6 axb6 13. Nxe4 Nb4 14. Nc3 Ra5 15. Qe2 Rc5 16. Rad1 Nxd5 17. Na4 Rc6 18. Nd4 Rg6 19. Kh1 c6 20. Qxc4 b5 21. Nxb5 cxb5 22. Qxb5 Rd6 23. Qc5 Rd7 24. Rfe1 Nf4 25. Rxd7 Qxd7 26. Nc3 Qg4 27. Rg1 Qg6 28. Qe3 Ne6 29. Rc1 Rd8 30. Ne4 Bd7 31. Ng3 Bc6 32. c3 h5 33. f3 h4 34. Nf1 h3 35. gxh3 Rd3 0-1

[Event "Arber op 6th"]
[Site "Bodenmais"]
[Date "2017.07.29"]
[Round "1"]
[White "Schmidt, Olaf"]
[Black "Kiracoglu, Nejat"]
[Result "1/2-1/2"]
[WhiteElo "2120"]
[BlackElo "1663"]
[PlyCount "43"]
[EventDate "2017.07.29"]
[EventType "swiss"]
[EventRounds "9"]
[EventCountry "GER"]
[SourceTitle "CBM 179 Extra"]
[Source "ChessBase"]
[SourceDate "2017.08.23"]
[SourceVersion "1"]
[SourceVersionDate "2017.08.23"]
[SourceQuality "1"]

1. d4 c6 2. Bf4 d6 3. c3 Nd7 4. Nf3 Ngf6 5. h3 Qc7 6. e3 e5 7. Bh2 exd4 8. cxd4 Qa5+ 9. Qd2 Qxd2+ 10. Nfxd2 d5 11. Nc3 Be7 12. g4 0-0 13. 0-0-0 b5 14. Bg2 b4 15. Ne2 Ba6 16. Rhe1 Rac8 17. Nb3 Bc4 18. f3 c5 19. Kb1 Bxe2 20. Rxe2 c4 21. Nc1 Nb6 22. e4 1/2-1/2

[Event "Wuerttemberg-ch MT"]
[Site "Stuttgart"]
[Date "2015.09.03"]
[Round "6"]
[White "Schmidt, Olaf"]
[Black "Schaffert, Walter"]
[Result "0-1"]
[WhiteElo "2154"]
[BlackElo "2091"]
[PlyCount "48"]
[EventDate "2015.08.29"]
[EventType "swiss"]
[EventRounds "9"]
[EventCountry "GER"]
[SourceTitle "EXT 2017"]
[Source "ChessBase"]
[SourceDate "2016.10.25"]
[SourceVersion "1"]
[SourceVersionDate "2016.10.25"]
[SourceQuality "1"]

1. b3 e5 2. Bb2 Nc6 3. e3 Nf6 4. Nf3 e4 5. Nd4 Nxd4 6. Bxd4 d5 7. c4 c6 8. Bxf6 gxf6 9. cxd5 Qxd5 10. Nc3 Qe5 11. h4 Rg8 12. h5 Bg4 13. Qc2 f5 14. a3 0-0-0 15. b4 Kb8 16. Rb1 Be7 17. b5 c5 18. b6 a6 19. Bc4 Rd7 20. Rb2 Bf6 21. Rb3 Rgd8 22. Nb1 Qa1 23. 0-0 Qe5 24. Bb5 Bf3 0-1

[Event "Oberliga Wuerttemberg 1011"]
[Site "Wuerttemberg"]
[Date "2011.03.27"]
[Round "8"]
[White "Schmidt, Olaf"]
[Black "Schmid, Hartmut"]
[Result "1/2-1/2"]
[WhiteElo "2182"]
[BlackElo "2183"]
[PlyCount "124"]
[EventDate "2010.09.26"]
[EventType "team-tourn"]
[EventRounds "9"]
[EventCountry "GER"]
[SourceTitle "EXT 2019"]
[Source "ChessBase"]
[SourceDate "2018.10.10"]
[SourceVersion "1"]
[SourceVersionDate "2018.10.10"]
[SourceQuality "1"]
[WhiteTeam "Tuebingen"]
[BlackTeam "Stuttgart SF II"]
[WhiteTeamCountry "GER"]
[BlackTeamCountry "GER"]

1. c4 e6 2. g3 d5 3. Bg2 Nf6 4. Nf3 c5 5. 0-0 Nc6 6. b3 Be7 7. Bb2 d4 8. e3 e5 9. exd4 exd4 10. d3 0-0 11. Na3 Bf5 12. Nc2 Qd7 13. Re1 Rfe8 14. Qd2 Bd6 15. Rxe8+ Rxe8 16. Re1 Rxe1+ 17. Nfxe1 Ne5 18. Qe2 h6 19. Qf1 b6 20. f4 Nc6 21. h3 h5 22. Nf3 Nd8 23. Nce1 Nh7 24. Nh4 Be7 25. Nxf5 Qxf5 26. Qe2 Ne6 27. Bc1 Nf6 28. Nf3 Nd7 29. Qe4 Qxe4 30. dxe4 Nc7 31. Ne1 g6 32. Nd3 Kg7 33. e5 Nf8 34. g4 hxg4 35. hxg4 g5 36. f5 f6 37. Bc6 fxe5 38. Nxe5 Bf6 39. Nf3 Nh7 40. Bd2 Kf8 41. Be1 Ke7 42. Bg3 Kd8 43. Kf1 Kc8 44. Bd6 Bd8 45. a3 Nf6 46. Ne5 Nce8 47. Bf8 Bc7 48. Nf7 Bf4 49. Ke2 Nc7 50. Bf3 Kd7 51. Bh6 Nh7 52. Bg7 Ne8 53. Bh8 Nhf6 54. Kd3 Ke7 55. Nh6 Bc1 56. a4 Nc7 57. Bb7 Bf4 58. Bc8 Bc1 59. Bg7 Bf4 60. Bb7 Nce8 61. Bh8 Nc7 62. Bc8 Bc1 1/2-1/2

[Event "Oberliga Wuerttemberg 1011"]
[Site "Wuerttemberg"]
[Date "2011.02.13"]
[Round "6"]
[White "Latzke, Boris Alexander"]
[Black "Schmidt, Olaf"]
[Result "1-0"]
[WhiteElo "2262"]
[BlackElo "2182"]
[PlyCount "49"]
[EventDate "2010.09.26"]
[EventType "team-tourn"]
[EventRounds "9"]
[EventCountry "GER"]
[SourceTitle "EXT 2019"]
[Source "ChessBase"]
[SourceDate "2018.10.10"]
[SourceVersion "1"]
[SourceVersionDate "2018.10.10"]
[SourceQuality "1"]
[WhiteTeam "Bebenhausen"]
[BlackTeam "Tuebingen"]
[WhiteTeamCountry "GER"]
[BlackTeamCountry "GER"]

1. d4 d6 2. e4 Nf6 3. Nc3 g6 4. Be3 Nbd7 5. f3 h5 6. Qd2 c6 7. 0-0-0 Qa5 8. Kb1 b5 9. Bd3 b4 10. Nce2 c5 11. Nc1 cxd4 12. Bxd4 Bh6 13. Qf2 Bxc1 14. Rxc1 e5 15. Be3 Nb6 16. c4 Na4 17. Ne2 Nxb2 18. Kxb2 Qa3+ 19. Kc2 Qxa2+ 20. Kd1 Bd7 21. Rb1 d5 22. exd5 e4 23. Nc1 Ba4+ 24. Bc2 Qxb1 25. Bxa4+ 1-0

[Event "Wuerttemberg-ch MT"]
[Site "Stuttgart"]
[Date "2010.09.05"]
[Round "9"]
[White "Pogan, Nikolas"]
[Black "Schmidt, Olaf"]
[Result "1-0"]
[WhiteElo "2144"]
[BlackElo "2182"]
[PlyCount "87"]
[EventDate "2010.08.28"]
[EventType "swiss"]
[EventRounds "9"]
[EventCountry "GER"]
[SourceTitle "EXT 2017"]
[Source "ChessBase"]
[SourceDate "2016.10.25"]
[SourceVersion "1"]
[SourceVersionDate "2016.10.25"]
[SourceQuality "1"]

1. d4 Nf6 2. Nf3 c5 3. d5 b5 4. c4 g6 5. Qc2 b4 6. b3 d6 7. e4 Nxe4 8. Bb2 Nf6 9. Nbd2 Bg7 10. Bd3 0-0 11. 0-0 Qc7 12. Rfe1 e5 13. dxe6 fxe6 14. Ng5 e5 15. f4 Nc6 16. fxe5 dxe5 17. Ndf3 Bh6 18. Rxe5 Ng4 19. Bxg6 hxg6 20. Qxg6+ Qg7 21. Qxc6 Bf5 22. Rxf5 Qxb2 23. Qg6+ Qg7 24. Qxg7+ Bxg7 25. Rxf8+ Rxf8 26. Re1 Bc3 27. Re2 Rd8 28. g3 a5 29. Kg2 a4 30. h3 Nh6 31. g4 axb3 32. axb3 Rd1 33. Ne6 Nf7 34. Nxc5 Rb1 35. h4 Kh8 36. Kg3 Kg8 37. g5 Nd6 38. Kg4 Rf1 39. h5 Ra1 40. h6 Nf7 41. Re8+ Kh7 42. Re7 Kg8 43. Ne6 Rh1 44. h7+ 1-0

[Event "Wuerttemberg-ch MT"]
[Site "Stuttgart"]
[Date "2010.09.04"]
[Round "8"]
[White "Schmidt, Olaf"]
[Black "Reimche, Vadim"]
[Result "0-1"]
[WhiteElo "2182"]
[BlackElo "2082"]
[PlyCount "60"]
[EventDate "2010.08.28"]
[EventType "swiss"]
[EventRounds "9"]
[EventCountry "GER"]
[SourceTitle "EXT 2017"]
[Source "ChessBase"]
[SourceDate "2016.10.25"]
[SourceVersion "1"]
[SourceVersionDate "2016.10.25"]
[SourceQuality "1"]

1. d4 Nf6 2. Nf3 d5 3. c4 c6 4. e3 Bf5 5. Qb3 Qb6 6. c5 Qc7 7. Ne5 Nbd7 8. f4 Ne4 9. Nd2 Nxd2 10. Bxd2 Nxe5 11. fxe5 f6 12. Bd3 Bxd3 13. Qxd3 fxe5 14. Qf5 g6 15. Qe6 Qd7 16. Qxe5 Rg8 17. 0-0 Bg7 18. Qf4 0-0-0 19. Bc3 h5 20. Qg3 g5 21. Ba5 Rde8 22. Rf5 Bf6 23. Raf1 Rg6 24. b4 h4 25. Qf3 Qe6 26. Rd1 Bg7 27. b5 Rf6 28. g4 Ref8 29. Rf1 cxb5 30. Bd2 Qe4 0-1

[Event "Oberliga Wuerttemberg 0910"]
[Site "Wuerttemberg"]
[Date "2010.03.07"]
[Round "7.7"]
[White "Braun, Georg"]
[Black "Schmidt, Olaf"]
[Result "1/2-1/2"]
[WhiteElo "2080"]
[BlackElo "2114"]
[PlyCount "30"]
[EventDate "2009.10.11"]
[EventType "team-tourn"]
[EventRounds "9"]
[EventCountry "GER"]
[SourceTitle "EXT 2019"]
[Source "ChessBase"]
[SourceDate "2018.10.10"]
[SourceVersion "1"]
[SourceVersionDate "2018.10.10"]
[SourceQuality "1"]
[WhiteTeam "Bebenhausen"]
[BlackTeam "Tuebingen"]
[WhiteTeamCountry "GER"]
[BlackTeamCountry "GER"]

1. e4 c6 2. d4 d5 3. exd5 cxd5 4. c4 Nf6 5. Nc3 Nc6 6. Nf3 Be6 7. c5 a6 8. Be3 g6 9. Be2 Bg7 10. 0-0 0-0 11. a3 Ne4 12. Qb3 Nxc5 13. dxc5 d4 14. Qc2 dxe3 15. fxe3 Bh6 1/2-1/2

[Event "Oberliga Wuerttemberg 0910"]
[Site "Wuerttemberg"]
[Date "2009.10.11"]
[Round "1.5"]
[White "Schmidt, Olaf"]
[Black "Hasenohr, Benedict"]
[Result "1-0"]
[WhiteElo "2114"]
[BlackElo "2171"]
[PlyCount "127"]
[EventDate "2009.10.11"]
[EventType "team-tourn"]
[EventRounds "9"]
[EventCountry "GER"]
[SourceTitle "EXT 2019"]
[Source "ChessBase"]
[SourceDate "2018.10.10"]
[SourceVersion "1"]
[SourceVersionDate "2018.10.10"]
[SourceQuality "1"]
[WhiteTeam "Tuebingen"]
[BlackTeam "Rommelshausen"]
[WhiteTeamCountry "GER"]
[BlackTeamCountry "GER"]

1. g3 d5 2. Nf3 Nf6 3. Bg2 Bf5 4. 0-0 e6 5. d3 Be7 6. c4 c6 7. Qb3 Qc8 8. Be3 0-0 9. Rc1 dxc4 10. Qxc4 Nbd7 11. Nd4 Bg6 12. Bh3 Nb6 13. Qb3 Nfd5 14. Bd2 Bf6 15. Nb5 Qb8 16. N5c3 Qe5 17. e4 Nc7 18. a4 Na6 19. Be3 Rad8 20. a5 Nd7 21. d4 Qh5 22. Bf1 e5 23. Be2 Qh3 24. Bf1 Qe6 25. Qxe6 fxe6 26. dxe5 Bxe5 27. f4 Bb8 28. Bc4 Ndc5 29. f5 Bf7 30. b4 Nd3 31. fxe6 Nxc1 32. exf7+ Kh8 33. Bxc1 Rd4 34. Ba2 Bd6 35. b5 Nb4 36. Bb3 c5 37. Be6 Rd3 38. Bf4 Bxf4 39. gxf4 Nc2 40. Ra2 Nd4 41. Bc4 Re3 42. Kg2 g6 43. Rf2 Kg7 44. Kf1 Rd8 45. f5 Nf3 46. Rxf3 Rxf3+ 47. Kg2 Re3 48. f6+ Kf8 49. Kf2 Rh3 50. Nd5 Rxh2+ 51. Kg3 Rc2 52. Na3 Rd2 53. Nf4 R8d6 54. e5 g5 55. Ne2 R2d3+ 56. Kg2 Rxf6 57. Bxd3 Rxf7 58. Nc4 Re7 59. Bf5 Kg7 60. Kf3 h5 61. Ng3 g4+ 62. Kf4 Kh6 63. Ne4 b6 64. a6 1-0

[Event "Oberliga Wuerttemberg 0809"]
[Site "Wuerttemberg"]
[Date "2009.03.15"]
[Round "8.6"]
[White "Schmidt, Olaf"]
[Black "Preuss, Heiko"]
[Result "0-1"]
[WhiteElo "2087"]
[BlackElo "2166"]
[PlyCount "62"]
[EventDate "2008.10.12"]
[EventType "team-tourn"]
[EventRounds "9"]
[EventCountry "GER"]
[SourceTitle "EXT 2019"]
[Source "ChessBase"]
[SourceDate "2018.10.10"]
[SourceVersion "1"]
[SourceVersionDate "2018.10.10"]
[SourceQuality "1"]
[WhiteTeam "Tuebingen"]
[BlackTeam "Ulm Post"]
[WhiteTeamCountry "GER"]
[BlackTeamCountry "GER"]

1. e4 c5 2. Nc3 Nc6 3. Bb5 e5 4. Bxc6 bxc6 5. d3 g6 6. f4 f6 7. fxe5 fxe5 8. Nf3 Bg7 9. 0-0 d6 10. Bg5 Bf6 11. Be3 Rb8 12. Qd2 Rxb2 13. Nd1 Rb7 14. c3 h6 15. d4 cxd4 16. cxd4 exd4 17. Nxd4 c5 18. Nc6 Qd7 19. e5 dxe5 20. Qc2 Qxc6 21. Qxg6+ Kd8 22. Nc3 Rg7 23. Rad1+ Bd7 24. Qc2 Be7 25. Rxd7+ Kxd7 26. Qf5+ Ke8 27. Qh5+ Qg6 28. Qf3 Nf6 29. Qa8+ Bd8 30. g3 Nd7 31. Nd5 Nb6 0-1

[Event "Oberliga Wuerttemberg 0809"]
[Site "Wuerttemberg"]
[Date "2009.02.01"]
[Round "6.6"]
[White "Schmidt, Olaf"]
[Black "Bogenschuetze, Paul Jr"]
[Result "1-0"]
[WhiteElo "2087"]
[BlackElo "2027"]
[PlyCount "93"]
[EventDate "2008.10.12"]
[EventType "team-tourn"]
[EventRounds "9"]
[EventCountry "GER"]
[SourceTitle "EXT 2019"]
[Source "ChessBase"]
[SourceDate "2018.10.10"]
[SourceVersion "1"]
[SourceVersionDate "2018.10.10"]
[SourceQuality "1"]
[WhiteTeam "Tuebingen"]
[BlackTeam "Deizisau"]
[WhiteTeamCountry "GER"]
[BlackTeamCountry "GER"]

1. d4 Nf6 2. Bg5 d5 3. Nd2 Bf5 4. e3 e6 5. Bd3 Bxd3 6. cxd3 Be7 7. Qb3 b6 8. Ngf3 0-0 9. 0-0 Nbd7 10. Ne5 Nxe5 11. dxe5 Nd7 12. Bxe7 Qxe7 13. f4 c5 14. d4 f5 15. Nf3 Rfc8 16. Rf2 c4 17. Qc2 b5 18. h3 Kh8 19. g4 g6 20. Rc1 a5 21. Rg2 b4 22. Qe2 a4 23. gxf5 exf5 24. h4 a3 25. h5 axb2 26. Qxb2 Rc6 27. hxg6 Rxg6 28. Rxg6 hxg6 29. Ng5 Kg7 30. Rb1 c3 31. Qh2 Rh8 32. Qg2 Nb6 33. a3 Rc8 34. Qh2 Kg8 35. axb4 Nc4 36. Qa2 Nxe3 37. Qa6 Qe8 38. Qb7 Ng4 39. Qh7+ Kf8 40. e6 Nf6 41. Qh8+ Ng8 42. Nh7+ Ke7 43. Qg7+ Kd8 44. Qe5 Qe7 45. Ng5 c2 46. Rc1 Qxb4 47. Qxd5+ 1-0

[Event "Oberliga Wuerttemberg 0809"]
[Site "Wuerttemberg"]
[Date "2008.11.30"]
[Round "3.6"]
[White "Hoenick, Andreas"]
[Black "Schmidt, Olaf"]
[Result "1/2-1/2"]
[WhiteElo "2114"]
[BlackElo "2087"]
[PlyCount "68"]
[EventDate "2008.10.12"]
[EventType "team-tourn"]
[EventRounds "9"]
[EventCountry "GER"]
[SourceTitle "EXT 2019"]
[Source "ChessBase"]
[SourceDate "2018.10.10"]
[SourceVersion "1"]
[SourceVersionDate "2018.10.10"]
[SourceQuality "1"]
[WhiteTeam "Schwaebisch Gmuend"]
[BlackTeam "Tuebingen"]
[WhiteTeamCountry "GER"]
[BlackTeamCountry "GER"]

1. d4 g6 2. c4 Bg7 3. e4 c5 4. d5 e5 5. Nc3 d6 6. Be2 Nh6 7. h4 f5 8. h5 f4 9. hxg6 hxg6 10. Bd2 g5 11. Qa4+ Bd7 12. Qb3 b6 13. g3 0-0 14. 0-0-0 g4 15. f3 a6 16. Kb1 Ra7 17. Rc1 Rb7 18. gxf4 exf4 19. e5 Bf5+ 20. Ka1 dxe5 21. fxg4 Bg6 22. Bf3 Nf7 23. Be4 Bxe4 24. Nxe4 Ng5 25. Nxg5 Qxg5 26. Nf3 Qg6 27. Nh4 Qxg4 28. Rcg1 Qe2 29. Bc3 f3 30. Re1 Qd3 31. Rd1 Qe4 32. Rde1 Qd3 33. Rd1 Qe4 34. Rde1 Qd3 1/2-1/2

[Event "Obersulm op"]
[Site "Obersulm"]
[Date "2008.08.27"]
[Round "5"]
[White "Engelhart, Achim"]
[Black "Schmidt, Olaf"]
[Result "1/2-1/2"]
[WhiteElo "2201"]
[BlackElo "2181"]
[PlyCount "130"]
[EventDate "2008.08.23"]
[EventType "swiss"]
[EventRounds "9"]
[EventCountry "GER"]
[SourceTitle "CBM 126 Extra"]
[Source "ChessBase"]
[SourceDate "2008.11.05"]
[SourceVersion "1"]
[SourceVersionDate "2008.11.05"]
[SourceQuality "1"]

1. e4 c6 2. d4 d6 3. Nc3 Nf6 4. f4 g6 5. Nf3 Bg7 6. Bd3 0-0 7. 0-0 Na6 8. e5 Nd7 9. Ne4 dxe5 10. fxe5 f6 11. Bc4+ Kh8 12. exf6 exf6 13. Nd6 Qa5 14. Bd2 Qh5 15. Nf7+ Kg8 16. N7g5+ Kh8 17. Ne6 Nb6 18. Nxg7 Kxg7 19. Bb3 Bg4 20. h3 Bxf3 21. Rxf3 Rad8 22. c3 c5 23. Be3 c4 24. Bc2 Nd5 25. Qf1 Rc8 26. Re1 b5 27. a3 Nac7 28. Bf4 Nxf4 29. Rxf4 Nd5 30. Rfe4 Rc7 31. Qf2 f5 32. Re5 Rd7 33. Bd1 Qg5 34. Qf3 Qd8 35. Bc2 Rff7 36. R1e2 a5 37. Re1 b4 38. axb4 axb4 39. Ba4 Rd6 40. Bb5 Nb6 41. Qe2 bxc3 42. bxc3 f4 43. Bxc4 Nxc4 44. Qxc4 Qh4 45. Qe2 Rc6 46. Qf3 Rfc7 47. R1e4 Rxc3 48. Qxf4 Rc1+ 49. Kh2 Qxf4+ 50. Rxf4 R1c2 51. h4 Rd2 52. h5 Rd7 53. hxg6 R2xd4 54. Rxd4 Rxd4 55. gxh7 Kxh7 56. Re6 Kg7 57. Kh3 Kf7 58. Rc6 Ra4 59. g4 Kg7 60. Kh4 Ra5 61. g5 Ra1 62. Rc5 Rh1+ 63. Kg3 Kg6 64. Ra5 Rg1+ 65. Kf4 Rf1+ 1/2-1/2